000 00298nam a2200121Ia 4500
008 190216s9999||||xx |||||||||||||| ||und||
100 _aJane Austein
245 0 _aPride And Prejudice
260 _bThe Pocket Library
_c1956
300 _a436p
650 _aEnglish Novel-English Novel
942 _cBK
999 _c12015
_d12015